000 01317cam a2200421 a 4500
001 data
005 20260322212103.0
008 data
035 _a2926229
906 _a7
_bcbc
_corignew
_d1
_eocip
_f19
_gy-gencatlg
010 _a 89020967
020 _a0443039097
020 _a9780443039096
035 _9(DLC) 89020967
040 _aDNLM/DLC
_cDLC
_dDLC
050 1 0 _aRD31
_b.P85 1991
060 _aWO 100 P9565
082 0 0 _a617
_220
245 0 0 _aPrinciples and practice of surgery /
_c[edited by] A.P.M. Forrest, D.C. Carter, I.B. Macleod.
250 _a2nd ed.
260 _aNew York :
_aNew York :
_bChurchill Livingstone,
_c1991.
300 _aviii, 729 p. :
_bill. ;
_c25 cm.
336 _atext
_btxt
_2rdacontent
337 _aunmediated
_bn
_2rdamedia
338 _avolume
_bnc
_2rdacarrier
500 _aCover title: Principles & practice of surgery.
500 _aIncludes index.
650 0 _aSurgery.
650 0 _aSurgery, Operative.
650 2 _aSurgery.
650 2 _aSurgery, Operative.
700 1 _aForrest, A. P. M.
700 1 _aCarter, David C.
_q(David Craig)
700 1 _aMacleod, I. B.
_q(Ian Buchanan)
740 0 _aPrinciples & practice of surgery.
999 _c1492
_d1492